00386pab a2200133 454500008004000000100002200040245006800062260000900130300001100139362000900150650005200159700001800211773002300229180718b1990 xxu||||| |||| 00| 0 eng d aSrivastava, Leena aUncertainties in the Middle East - impact on the Indian economy c1990 a629-44 aOct. aIndia - Foreign Economic Relations - Asia, West aMala Damodran aStrategic Analysis